[Event "Ports Lge"]
[Site "?"]
[Date "1978.??.??"]
[Round "?"]
[White "Peters, A John"]
[Black "Brameld, Arthur F"]
[Result "0-1"]
[WhiteElo "1990"]
[BlackElo "2030"]
[PlyCount "64"]
[EventDate "1978.??.??"]
[EventType "swiss"]

1. d4 Nf6 2. Nf3 g6 3. g3 Bg7 4. Bg2 O-O 5. O-O d6 6. c4 Nc6 7. Nc3 e5 8. d5 Ne7 9. e4 Ne8 10. Nh4 f5 11. f4 exf4 12. Bxf4 Nf6 13. Qd2 fxe4 14. Nxe4 Nxe4 15. Bxe4 Bh3 16. Bg2 Bxg2 17. Kxg2 Nf5 18. Nxf5 Rxf5 19. Rae1 g5 20. Be3 Rxf1 21. Rxf1 Qe7 22. b3 Qe4+ 23. Kg1 Re8 24. Bf2 Re5 25. Re1 Qf5 26. Rxe5 Bxe5 27. Be3 h6 28. Qf2 Qd3 29. Kg2 b6 30. Kh3 Kg7 31. Qd2 Qe4 32. Qf2 g4+ 0-1

[Event "Ports Lge"]
[Site "?"]
[Date "1979.??.??"]
[Round "?"]
[White "Brameld, Arthur F"]
[Black "Pratten, Wilf"]
[Result "1-0"]
[WhiteElo "2030"]
[BlackElo "1965"]
[PlyCount "41"]
[EventDate "1979.??.??"]
[EventType "swiss"]

1. d4 d5 2. c4 e6 3. Nc3 Nf6 4. cxd5 exd5 5. Bg5 Be7 6. e3 c6 7. Bd3 Nbd7 8. Qc2 O-O 9. Nf3 c5 10. O-O c4 11. Bf5 g6 12. Bxd7 Qxd7 13. Rfe1 b5 14. e4 dxe4 15. Nxe4 Nxe4 16. Qxe4 Bb4 17. Qxa8 Bb7 18. Qxa7 Ra8 19. Qb6 Bxe1 20. Rxe1 Ra6 21. Qc5 1-0

[Event "Ports Lge"]
[Site "?"]
[Date "1979.??.??"]
[Round "?"]
[White "Newbury, Martin"]
[Black "Brameld, Arthur F"]
[Result "0-1"]
[WhiteElo "2060"]
[BlackElo "2030"]
[PlyCount "38"]
[EventDate "1979.??.??"]
[EventType "swiss"]

1. c4 Nf6 2. Nc3 d5 3. cxd5 Nxd5 4. g3 Nxc3 5. bxc3 g6 6. Bg2 c5 7. Rb1 Qc7 8. h4 Bg7 9. h5 Nc6 10. hxg6 hxg6 11. Rxh8+ Bxh8 12. Nh3 Be5 13. Kf1 Bf5 14. e4 Be6 15. Qa4 Qd7 16. Nf4 Bxf4 17. d4 Bxc1 18. d5 Bh6 19. Re1 Ne5 0-1

[Event "NatClub"]
[Site "?"]
[Date "1979.??.??"]
[Round "?"]
[White "MacCaulay, J."]
[Black "Brameld, Arthur F"]
[Result "1-0"]
[WhiteElo "2085"]
[BlackElo "2030"]
[PlyCount "57"]
[EventDate "1979.??.??"]
[EventType "simul"]
[EventRounds "2"]

1. e4 Nf6 2. e5 Nd5 3. d4 d6 4. c4 Nb6 5. f4 g5 6. Qh5 gxf4 7. Nf3 Qd7 8. Be2 Qf5 9. Qh4 Rg8 10. O-O Nc6 11. Nc3 Qh3 12. Qf2 Bg4 13. c5 dxc5 14. dxc5 Nd7 15. Nd5 O-O-O 16. Nxf4 Qh6 17. Nd3 Qg6 18. Bf4 Qe4 19. Rfd1 e6 20. b4 Bg7 21. b5 Ncxe5 22. c6 bxc6 23. Bxe5 Nxe5 24. Ndxe5 Bxe5 25. Qxa7 c5 26. b6 Rxd1+ 27. Rxd1 Bxf3 28. Ba6+ Qb7 29. Qa8# 1-0

[Event "IntService"]
[Site "?"]
[Date "1979.??.??"]
[Round "?"]
[White "Hopkins, E."]
[Black "Brameld, Arthur F"]
[Result "0-1"]
[WhiteElo "1720"]
[BlackElo "2030"]
[PlyCount "68"]
[EventDate "1979.??.??"]
[EventType "simul"]
[EventRounds "2"]

1. e4 Nf6 2. e5 Nd5 3. d4 d6 4. c4 Nb6 5. f4 g5 6. Nf3 g4 7. Nh4 h5 8. f5 dxe5 9. dxe5 Qxd1+ 10. Kxd1 Nc6 11. Bf4 Bh6 12. g3 Bd7 13. Nc3 O-O-O 14. Ke1 Nd4 15. Kf2 Bxf4 16. gxf4 Nxf5 17. Nxf5 Bxf5 18. b3 Rd4 19. Be2 Rhd8 20. Ke3 Rd3+ 21. Bxd3 Rxd3+ 22. Kf2 Rxc3 23. Rhe1 Rf3+ 24. Kg2 h4 25. Rf1 Be4 26. Rxf3 Bxf3+ 27. Kf2 h3 28. Re1 e6 29. Re3 Kd7 30. Rd3+ Ke7 31. Rd4 Nd7 32. b4 c5 33. bxc5 Nxc5 34. a3 a6 0-1

[Event "Ports Lge"]
[Site "?"]
[Date "1979.??.??"]
[Round "?"]
[White "Brameld, Arthur F"]
[Black "Zuidema, Coenrad"]
[Result "1/2-1/2"]
[WhiteElo "2030"]
[BlackElo "2470"]
[PlyCount "62"]
[EventDate "1979.??.??"]
[EventType "swiss"]

1. d4 Nf6 2. Bg5 d5 3. Bxf6 exf6 4. e3 c6 5. c3 Bf5 6. Bd3 Bxd3 7. Qxd3 Qb6 8. b3 a5 9. Nd2 Qa6 10. Qxa6 Nxa6 11. Ne2 f5 12. Nf4 Bd6 13. Nd3 O-O 14. O-O Rfe8 15. Nf3 Nc7 16. g3 g6 17. Kg2 f6 18. h4 Ne6 19. Rab1 Kf7 20. c4 h6 21. Rfc1 g5 22. hxg5 hxg5 23. cxd5 cxd5 24. Nc5 Re7 25. Nxe6 Kxe6 26. Rc2 Kd7 27. Rh1 f4 28. exf4 gxf4 29. Rh6 fxg3 30. Rxf6 gxf2 31. Kxf2 Rg8 1/2-1/2

[Event "RNCC"]
[Site "?"]
[Date "1979.??.??"]
[Round "1"]
[White "Kane, Ron"]
[Black "Brameld, Arthur F"]
[Result "1/2-1/2"]
[WhiteElo "1660"]
[BlackElo "2030"]
[PlyCount "37"]
[EventDate "1979.??.??"]
[EventType "simul"]
[EventRounds "7"]

1. d4 d5 2. Nf3 Nf6 3. c4 dxc4 4. e3 Bg4 5. Bxc4 e6 6. O-O Nbd7 7. Nbd2 Nb6 8. Be2 Be7 9. b3 O-O 10. Bb2 c5 11. Rc1 Qd5 12. Ne5 Bxe2 13. Qxe2 cxd4 14. Bxd4 Rfc8 15. Ndf3 Nfd7 16. Nxd7 Nxd7 17. Qb2 Bf6 18. Rfd1 Rxc1 19. Qxc1 1/2-1/2

[Event "RNCC"]
[Site "?"]
[Date "1979.??.??"]
[Round "2"]
[White "Brameld, Arthur F"]
[Black "Luffman, Robert C"]
[Result "1/2-1/2"]
[WhiteElo "2030"]
[BlackElo "2840"]
[PlyCount "40"]
[EventDate "1979.??.??"]
[EventType "simul"]
[EventRounds "7"]

1. e4 e6 2. d4 d5 3. Nc3 Nf6 4. Bg5 Bb4 5. e5 h6 6. Bd2 Bxc3 7. bxc3 Ne4 8. Bd3 Nxd2 9. Qxd2 Nd7 10. f4 c5 11. Nf3 c4 12. Be2 O-O 13. O-O f6 14. exf6 Nxf6 15. Ne5 Nd7 16. Qe3 Nxe5 17. fxe5 Bd7 18. Qh3 Qe7 19. Bg4 Rxf1+ 20. Rxf1 Rf8 1/2-1/2

[Event "RNCC"]
[Site "?"]
[Date "1979.??.??"]
[Round "3"]
[White "Sellen, John"]
[Black "Brameld, Arthur F"]
[Result "0-1"]
[WhiteElo "2840"]
[BlackElo "2030"]
[PlyCount "60"]
[EventDate "1979.??.??"]
[EventType "simul"]
[EventRounds "7"]

1. d4 Nf6 2. c4 e6 3. Nc3 Bb4 4. e3 b6 5. Nge2 Ba6 6. a3 Bxc3+ 7. Nxc3 d5 8. Qb3 O-O 9. Be2 Nc6 10. cxd5 Na5 11. Qc2 Bxe2 12. Nxe2 exd5 13. O-O Re8 14. Nc3 Qd7 15. b3 Re6 16. Bd2 Rae8 17. Rac1 Rc6 18. Qb2 Nh5 19. Ne2 Rg6 20. Bxa5 bxa5 21. Nf4 Nxf4 22. exf4 Re4 23. Rfe1 Qg4 24. f3 Qxf3 25. g3 Rxg3+ 26. hxg3 Qxg3+ 27. Kf1 Rxf4+ 28. Ke2 Rf2+ 29. Kd1 Qd3+ 30. Qd2 Qxd2# 0-1

[Event "RNCC"]
[Site "?"]
[Date "1979.??.??"]
[Round "4"]
[White "Schreiber, Ian"]
[Black "Brameld, Arthur F"]
[Result "0-1"]
[WhiteElo "1720"]
[BlackElo "2030"]
[PlyCount "28"]
[EventDate "1979.??.??"]
[EventType "simul"]
[EventRounds "7"]

1. Nf3 f5 2. d4 Nf6 3. e3 e6 4. Bd3 b6 5. c3 Bb7 6. Qc2 c5 7. Nbd2 cxd4 8. exd4 Nc6 9. Nc4 Rc8 10. Bf4 d5 11. Nce5 Bd6 12. Qa4 O-O 13. Nxc6 Bxc6 14. Bxd6 Bxa4 0-1

[Event "RNCC"]
[Site "?"]
[Date "1979.??.??"]
[Round "5"]
[White "Brameld, Arthur F"]
[Black "Miller, D."]
[Result "1-0"]
[WhiteElo "2030"]
[BlackElo "1720"]
[PlyCount "57"]
[EventDate "1979.??.??"]
[EventType "simul"]
[EventRounds "7"]

1. e4 c5 2. Nf3 Nc6 3. b4 cxb4 4. d4 e6 5. d5 exd5 6. exd5 Qe7+ 7. Be2 Ne5 8. O-O f6 9. Nd4 Kd8 10. f4 Nf7 11. Nf5 Qe4 12. Bg4 Bc5+ 13. Kh1 Ne7 14. Nxe7 Qxe7 15. Re1 Qd6 16. c4 Re8 17. Rxe8+ Kxe8 18. a3 bxa3 19. Nxa3 Bxa3 20. Rxa3 Nh6 21. Re3+ Kd8 22. g3 Nxg4 23. Qxg4 Qf8 24. Ba3 d6 25. f5 Kc7 26. Qf4 b6 27. c5 bxc5 28. Bxc5 Bd7 29. Bxd6+ 1-0

[Event "RNCC"]
[Site "?"]
[Date "1979.??.??"]
[Round "6"]
[White "Brameld, Arthur F"]
[Black "Farmer, R."]
[Result "1-0"]
[WhiteElo "2030"]
[BlackElo "2865"]
[PlyCount "41"]
[EventDate "1979.??.??"]
[EventType "simul"]
[EventRounds "7"]

1. e4 d6 2. d4 Nf6 3. Nc3 g6 4. f4 Bg7 5. Nf3 e6 6. Bd3 O-O 7. O-O Nbd7 8. e5 dxe5 9. fxe5 Ne8 10. Bg5 f6 11. exf6 Nexf6 12. Qe1 Qe8 13. Qh4 Rf7 14. Rae1 Nf8 15. Ne5 N8d7 16. Nxf7 Qxf7 17. Ne4 b6 18. Nxf6+ Nxf6 19. Bxf6 Bxf6 20. Rxf6 Qe7 21. Rxg6+ 1-0

[Event "Blitz Challenge"]
[Site "?"]
[Date "1979.??.??"]
[Round "?"]
[White "Brameld, Arthur F"]
[Black "Luxton, Adrian"]
[Result "1-0"]
[WhiteElo "2030"]
[BlackElo "2625"]
[PlyCount "35"]
[EventDate "1979.??.??"]
[EventType "game"]

1. e4 e5 2. Nf3 Nc6 3. d4 d6 4. Bc4 Nf6 5. O-O Be7 6. Nc3 O-O 7. Bg5 Bg4 8. h3 Bxf3 9. Qxf3 Nxd4 10. Qg3 Nxe4 11. Bxe7 Qxe7 12. Qg4 Nf6 13. Qg5 Ne4 14. Qxe7 Rae8 15. Qh4 Nxc3 16. bxc3 Nxc2 17. Bd3 Nxa1 18. Qxh7# 1-0

[Event "Simul"]
[Site "?"]
[Date "1979.??.??"]
[Round "?"]
[White "Clarke, Peter H"]
[Black "Brameld, Arthur F"]
[Result "1/2-1/2"]
[WhiteElo "2270"]
[BlackElo "2030"]
[PlyCount "38"]
[EventDate "1979.??.??"]
[EventType "game"]

1. d4 Nf6 2. c4 e6 3. Nc3 Bb4 4. Qc2 c5 5. dxc5 Na6 6. a3 Qa5 7. Bd2 Nxc5 8. Rc1 Bxc3 9. Bxc3 Qa4 10. Qxa4 Nxa4 11. Bxf6 gxf6 12. Rc2 b6 13. e3 Bb7 14. f3 Rg8 15. Ne2 Rc8 16. Nd4 Ke7 17. Kf2 d5 18. b3 Nc5 19. Be2 e5 1/2-1/2

[Event "Ports Lge"]
[Site "?"]
[Date "1979.??.??"]
[Round "?"]
[White "Gibson, Dave"]
[Black "Brameld, Arthur F"]
[Result "1/2-1/2"]
[WhiteElo "1840"]
[BlackElo "2030"]
[PlyCount "76"]
[EventDate "1979.??.??"]
[EventType "swiss"]

1. e4 Nf6 2. e5 Nd5 3. c4 Nb6 4. d4 d6 5. exd6 cxd6 6. Nc3 g6 7. h4 h5 8. Be3 Bg7 9. Qd2 Nc6 10. d5 Ne5 11. b3 Bf5 12. f3 Nbd7 13. Nh3 Nc5 14. Nf2 Qa5 15. Rc1 Rc8 16. Nb5 Qxd2+ 17. Kxd2 a6 18. Nd4 e6 19. dxe6 Nxe6 20. Nxf5 gxf5 21. Nd3 Bh6 22. Bxh6 Rxh6 23. Nb4 Nc7 24. Re1 Kf8 25. f4 Nc6 26. Nc2 Ne6 27. g3 Rg6 28. Re3 Nc5 29. Bd3 Ne4+ 30. Bxe4 fxe4 31. Rxe4 d5 32. cxd5 Rd8 33. Ne3 f5 34. Rc4 Rxg3 35. Re1 Rh3 36. Kc1 Ne7 37. Rd4 Rd6 38. Nc4 Rxd5 1/2-1/2

[Event "Hants Lge"]
[Site "?"]
[Date "1979.??.??"]
[Round "?"]
[White "Brameld, Arthur F"]
[Black "Sargeaunt, P."]
[Result "1-0"]
[WhiteElo "2030"]
[BlackElo "1660"]
[PlyCount "73"]
[EventDate "1979.??.??"]
[EventType "simul"]
[EventRounds "3"]

1. e4 c5 2. Nf3 d6 3. d4 cxd4 4. Qxd4 Nc6 5. Bb5 Bd7 6. Bxc6 Bxc6 7. Nc3 Nf6 8. Bg5 e5 9. Qd3 h6 10. Bh4 Be7 11. O-O-O g5 12. Bg3 Qc7 13. Nd2 O-O-O 14. Nc4 b5 15. Ne3 b4 16. Ncd5 Nxd5 17. Nxd5 Bxd5 18. Qxd5 Rhf8 19. Kb1 a5 20. c3 Qb6 21. cxb4 axb4 22. Rc1+ Kb8 23. Rc6 Qb7 24. Rhc1 Rc8 25. Rxc8+ Rxc8 26. Qxb7+ Kxb7 27. Rxc8 Kxc8 28. Kc2 f6 29. f3 Kc7 30. Kd3 Kc6 31. Kc4 Kb6 32. Be1 Kc6 33. Bxb4 Bd8 34. Bd2 Bb6 35. b4 h5 36. h3 Bc7 37. Be3 1-0

[Event "Ports Lge"]
[Site "?"]
[Date "1979.??.??"]
[Round "?"]
[White "Wheeler, John F"]
[Black "Brameld, Arthur F"]
[Result "1-0"]
[WhiteElo "2080"]
[BlackElo "2030"]
[PlyCount "61"]
[EventDate "1979.??.??"]
[EventType "swiss"]

1. Nf3 c5 2. g3 g6 3. Bg2 Bg7 4. O-O Nc6 5. e4 d6 6. d3 Bg4 7. h3 Bd7 8. Nc3 a6 9. a4 Rb8 10. Be3 b5 11. axb5 axb5 12. d4 c4 13. d5 Nb4 14. Qd2 Qc8 15. Ra7 Na6 16. Ra1 Nc5 17. Bxc5 dxc5 18. e5 Nh6 19. e6 fxe6 20. dxe6 Bc6 21. Nd5 Bxd5 22. Qxd5 O-O 23. Rxe7 Rf5 24. Qe4 Rf8 25. g4 Re8 26. Rxe8+ Qxe8 27. Ra7 Rd8 28. Qe2 Bxb2 29. e7 Rd6 30. Ra8 Rd1+ 31. Qxd1 1-0

[Event "Hants Lge"]
[Site "?"]
[Date "1979.??.??"]
[Round "?"]
[White "Brameld, Arthur F"]
[Black "Wools, F."]
[Result "1-0"]
[WhiteElo "2030"]
[BlackElo "1780"]
[PlyCount "61"]
[EventDate "1979.??.??"]
[EventType "simul"]
[EventRounds "3"]

1. e4 e6 2. d4 d5 3. Nc3 Bb4 4. Nge2 c5 5. a3 Bxc3+ 6. Nxc3 dxe4 7. dxc5 Qxd1+ 8. Kxd1 Nf6 9. Nb5 Kd7 10. Bf4 Nd5 11. Bg3 Nc6 12. c4 Nde7 13. Kc2 e5 14. Rd1+ Nd4+ 15. Kc3 Nec6 16. Bxe5 Nxe5 17. Rxd4+ Ke7 18. Rxe4 Kf6 19. Rf4+ Ke7 20. Nc7 Rb8 21. Nd5+ Kd8 22. Be2 Bd7 23. Rd1 Rc8 24. b4 Rc6 25. Rfd4 Re8 26. f4 Ng6 27. Bf3 Kc8 28. Nb6+ axb6 29. Rxd7 Rc7 30. Bg4 Re3+ 31. R7d3+ 1-0

[Event "Ports Lge"]
[Site "?"]
[Date "1979.??.??"]
[Round "?"]
[White "Brameld, Arthur F"]
[Black "Charvill, John"]
[Result "1-0"]
[WhiteElo "2030"]
[BlackElo "1940"]
[PlyCount "60"]
[EventDate "1979.??.??"]
[EventType "swiss"]

1. e4 c5 2. Nf3 d6 3. d4 cxd4 4. Qxd4 Nc6 5. Bb5 Bd7 6. Bxc6 bxc6 7. c4 e5 8. Qd3 Be7 9. Nc3 Qc7 10. O-O Nf6 11. Rd1 O-O 12. Bg5 Be6 13. Rac1 Rad8 14. b3 h6 15. Bxf6 Bxf6 16. Nd5 cxd5 17. cxd5 Qe7 18. dxe6 Qxe6 19. Rc6 Be7 20. Qa6 Rd7 21. Rd5 Qg4 22. Qc4 Kh8 23. h3 Qf4 24. Nxe5 Rb7 25. Nf3 g6 26. Qd3 h5 27. g3 Qh6 28. Qc3+ Kh7 29. Rc7 Bf6 30. Qc6 Rb6 1-0

[Event "Hants Lge"]
[Site "?"]
[Date "1979.??.??"]
[Round "?"]
[White "Brameld, Arthur F"]
[Black "Gaffney, P."]
[Result "1-0"]
[WhiteElo "2030"]
[BlackElo "1775"]
[PlyCount "39"]
[EventDate "1979.??.??"]
[EventType "simul"]
[EventRounds "3"]

1. e4 e5 2. Nf3 Nf6 3. Nc3 Bb4 4. Bc4 Nc6 5. O-O O-O 6. d3 Bxc3 7. bxc3 d5 8. exd5 Nxd5 9. Ng5 Bf5 10. Qf3 Nce7 11. Ba3 c6 12. Bxd5 cxd5 13. Bxe7 Qxe7 14. Qxf5 g6 15. Qg4 f5 16. Qh4 e4 17. Rae1 h5 18. Qf4 Qf6 19. c4 Kg7 20. cxd5 1-0

[Event "Hereford"]
[Site "?"]
[Date "1979.??.??"]
[Round "1"]
[White "Brameld, Arthur F"]
[Black "Crockett, N."]
[Result "1-0"]
[WhiteElo "2135"]
[BlackElo "1710"]
[PlyCount "47"]
[EventDate "1979.??.??"]
[EventType "simul"]
[EventRounds "5"]

1. e4 d6 2. d4 Nf6 3. Nc3 g6 4. f4 Bg7 5. Bd3 O-O 6. Nf3 c6 7. O-O Nbd7 8. e5 dxe5 9. fxe5 Nd5 10. Nxd5 cxd5 11. Ng5 Qb6 12. Kh1 f5 13. c3 h6 14. Nh3 e6 15. Nf4 Kh7 16. Qf3 g5 17. Nh3 Qd8 18. Qh5 Kg8 19. Bxg5 hxg5 20. Nxg5 Nf6 21. exf6 Rxf6 22. Rae1 Rh6 23. Qf7+ Kh8 24. Nxe6 1-0

[Event "Hereford"]
[Site "?"]
[Date "1979.??.??"]
[Round "2"]
[White "Primett, A."]
[Black "Brameld, Arthur F"]
[Result "0-1"]
[WhiteElo "1880"]
[BlackElo "2135"]
[PlyCount "46"]
[EventDate "1979.??.??"]
[EventType "simul"]
[EventRounds "5"]

1. e4 Nf6 2. Nc3 e5 3. Bc4 Nxe4 4. Qh5 Nd6 5. Bb3 Nc6 6. Nb5 g6 7. Qf3 f5 8. Qd5 Qe7 9. Nxc7+ Kd8 10. Nxa8 b6 11. d3 Bb7 12. h4 h6 13. Qf3 Nd4 14. Qh3 e4 15. Bd2 exd3+ 16. Qe3 Bxg2 17. Rh2 Bxa8 18. O-O-O dxc2 19. Re1 Qxe3 20. Rxe3 Nxb3+ 21. axb3 Ne4 22. f3 Bd6 23. fxe4 Bxh2 0-1

[Event "Hereford"]
[Site "?"]
[Date "1979.??.??"]
[Round "3"]
[White "Brameld, Arthur F"]
[Black "Cossins, N."]
[Result "1/2-1/2"]
[WhiteElo "2135"]
[BlackElo "1965"]
[PlyCount "73"]
[EventDate "1979.??.??"]
[EventType "simul"]
[EventRounds "5"]

1. e4 e5 2. Nf3 Nc6 3. d4 exd4 4. c3 dxc3 5. Bc4 cxb2 6. Bxb2 Bb4+ 7. Nc3 d6 8. O-O Bxc3 9. Bxc3 Nf6 10. Qb3 Qe7 11. Rfe1 Ne5 12. Nxe5 dxe5 13. Rac1 c5 14. f4 exf4 15. Bxf6 gxf6 16. e5 fxe5 17. Bb5+ Kf8 18. Qd5 f6 19. Bc4 Rb8 20. Bb3 b6 21. Red1 Bb7 22. Qd7 h5 23. Rd6 Qxd7 24. Rxd7 Rh6 25. Rf7+ Ke8 26. Rg7 Rh8 27. Rd1 Bc6 28. Rd6 Bb5 29. a4 Be2 30. Re6+ Kd8 31. Rd6+ Ke8 32. Re6+ Kf8 33. Ree7 c4 34. Rgf7+ Kg8 35. Rg7+ Kf8 36. Rgf7+ Kg8 37. Rg7+ 1/2-1/2

[Event "Hereford"]
[Site "?"]
[Date "1979.??.??"]
[Round "4"]
[White "Bennett, A."]
[Black "Brameld, Arthur F"]
[Result "0-1"]
[WhiteElo "1830"]
[BlackElo "2135"]
[PlyCount "86"]
[EventDate "1979.??.??"]
[EventType "simul"]
[EventRounds "5"]

1. e4 Nf6 2. e5 Nd5 3. d4 d6 4. c4 Nb6 5. exd6 cxd6 6. Nc3 g6 7. Nf3 Bg7 8. Be2 Bg4 9. h3 Bxf3 10. Bxf3 Nc6 11. Be3 Nxc4 12. O-O O-O 13. Rc1 Nb6 14. Nd5 Nxd5 15. Bxd5 Qb6 16. Qf3 Nxd4 17. Bxd4 Bxd4 18. Bxb7 Rab8 19. Bd5 e6 20. Bb3 Bxb2 21. Rc6 Qb4 22. Rc4 Qb7 23. Qe2 d5 24. Rc2 Ba3 25. h4 Qe7 26. h5 Qh4 27. hxg6 hxg6 28. Rc3 Bd6 29. Rh3 Qf4 30. g3 Qf5 31. Kg2 Kg7 32. Bc2 Qe5 33. Qg4 Rb2 34. Bb1 Kf6 35. Rh7 g5 36. Qf3+ Ke7 37. Bg6 Qf6 38. Qd3 Bc5 39. Qf3 Qxg6 40. Qc3 Qe4+ 41. Kg1 Qc2 42. Qe5 Bxf2+ 43. Kh1 Qxh7+ 0-1

[Event "Hereford"]
[Site "?"]
[Date "1979.??.??"]
[Round "5"]
[White "Brameld, Arthur F"]
[Black "Ditmas, HG."]
[Result "1-0"]
[WhiteElo "2135"]
[BlackElo "1950"]
[PlyCount "107"]
[EventDate "1979.??.??"]
[EventType "simul"]
[EventRounds "5"]

1. e4 c6 2. d4 g6 3. Nc3 Bg7 4. f4 d5 5. e5 h5 6. Bd3 Nh6 7. Nf3 Bg4 8. h3 Bf5 9. Be3 e6 10. Bf2 Bf8 11. Ne2 Be7 12. Bxf5 Nxf5 13. Qd3 Nd7 14. O-O-O h4 15. g4 hxg3 16. Nxg3 Nxg3 17. Bxg3 b5 18. h4 Qc7 19. Ng5 Bxg5 20. fxg5 O-O-O 21. Rdf1 Nb6 22. Rf6 Kb7 23. Qf3 Rd7 24. Bf2 Re7 25. h5 gxh5 26. Rxh5 Rxh5 27. Qxh5 Nc4 28. b3 Na3 29. Qf3 b4 30. c3 a5 31. Kb2 Nb5 32. c4 Nc3 33. Rh6 a4 34. a3 Qa5 35. axb4 Qxb4 36. Qxc3 a3+ 37. Kc2 Qb6 38. Rh1 Re8 39. Ra1 Rh8 40. Be1 c5 41. dxc5 Rh2+ 42. Bd2 Qxc5 43. cxd5 Qxd5 44. Rxa3 Qe4+ 45. Kb2 Qf4 46. Kc2 Qe4+ 47. Qd3 Rxd2+ 48. Kxd2 Qb4+ 49. Kc2 Qxa3 50. Qd7+ Kb6 51. Qd6+ Qxd6 52. exd6 Kc6 53. Kd3 Kxd6 54. Ke4 1-0

[Event "CoshCh"]
[Site "?"]
[Date "1979.??.??"]
[Round "?"]
[White "Brameld, Arthur F"]
[Black "Smith, R."]
[Result "1-0"]
[WhiteElo "2135"]
[BlackElo "1605"]
[PlyCount "31"]
[EventDate "1979.??.??"]
[EventType "simul"]
[EventRounds "5"]

1. e4 e6 2. d4 d5 3. Nc3 Bb4 4. Nge2 Nf6 5. e5 Ne4 6. a3 Nxc3 7. Nxc3 Be7 8. Qg4 Rg8 9. Bd3 g6 10. h4 f5 11. exf6 Bxf6 12. Bg5 Nc6 13. O-O-O e5 14. Qg3 e4 15. Bxf6 Qxf6 16. Nxd5 1-0

[Event "BrChQual"]
[Site "?"]
[Date "1979.??.??"]
[Round "?"]
[White "Brameld, Arthur F"]
[Black "Cullinane, Anthony R"]
[Result "1-0"]
[WhiteElo "2135"]
[BlackElo "1965"]
[PlyCount "69"]
[EventDate "1979.??.??"]
[EventType "simul"]
[EventRounds "4"]

1. e4 e6 2. d4 d5 3. Nc3 Bb4 4. Nge2 Nf6 5. a3 Be7 6. e5 Nfd7 7. Nf4 g6 8. Nd3 h5 9. Be3 Kf8 10. Be2 b6 11. b4 c5 12. b5 a6 13. a4 cxd4 14. Bxd4 Nc5 15. O-O Bb7 16. Qd2 Nbd7 17. Rfb1 a5 18. Nf4 Qc7 19. Qe3 Rc8 20. Bf3 Ne4 21. Nxe4 dxe4 22. Bxe4 Bxe4 23. Qxe4 Qxc2 24. Qe3 Nc5 25. Rc1 Qf5 26. Ra2 Kg7 27. Rac2 Rcd8 28. Rc4 Rd7 29. Ne2 Rhd8 30. Ng3 Qd3 31. Bxc5 Bxc5 32. Qg5 Qe2 33. Qf6+ Kg8 34. Qxd8+ Rxd8 35. Nxe2 1-0

[Event "NatClub"]
[Site "?"]
[Date "1979.??.??"]
[Round "?"]
[White "Brameld, Arthur F"]
[Black "Lambert, Glen"]
[Result "0-1"]
[WhiteElo "2135"]
[BlackElo "2240"]
[PlyCount "60"]
[EventDate "1979.??.??"]
[EventType "simul"]
[EventRounds "2"]

1. e4 d6 2. d4 Nf6 3. Nc3 g6 4. f4 Bg7 5. Bd3 O-O 6. Nf3 Nc6 7. O-O Bg4 8. Be3 e5 9. dxe5 dxe5 10. h3 exf4 11. Bxf4 Nh5 12. Bh2 Bxf3 13. Qxf3 Ne5 14. Qe2 c6 15. Rab1 Qe7 16. Kh1 Rad8 17. g4 Nf6 18. Rf2 h5 19. g5 Nfd7 20. Bf4 Nxd3 21. cxd3 Nc5 22. Rf3 Rd7 23. Rbf1 Ne6 24. Be3 Nxg5 25. Rg3 Ne6 26. d4 Nxd4 27. Bxd4 Rxd4 28. Qe3 Rfd8 29. Rf5 Rd3 30. Nd5 R8xd5 0-1

[Event "Ports Lge"]
[Site "?"]
[Date "1979.??.??"]
[Round "?"]
[White "Coles, John"]
[Black "Brameld, Arthur F"]
[Result "0-1"]
[WhiteElo "1920"]
[BlackElo "2135"]
[PlyCount "49"]
[EventDate "1979.??.??"]
[EventType "swiss"]

1. d4 e6 2. Nf3 Nf6 3. c4 c5 4. e3 cxd4 5. exd4 d5 6. Nc3 Be7 7. Bd3 Nc6 8. a3 dxc4 9. Bxc4 O-O 10. O-O a6 11. Re1 b5 12. Ba2 b4 13. Ne4 bxa3 14. bxa3 Nxe4 15. Rxe4 Bf6 16. Rb1 e5 17. d5 Bf5 18. Qe2 Bxe4 19. Qxe4 Nd4 20. Be3 Nxf3+ 21. Qxf3 Qa5 22. Bh6 Rab8 23. Rd1 Rb2 24. Bb1 Qb6 25. d6 0-1

[Event "CoshCh"]
[Site "?"]
[Date "1979.??.??"]
[Round "?"]
[White "Pink, Chris"]
[Black "Brameld, Arthur F"]
[Result "0-1"]
[WhiteElo "2720"]
[BlackElo "2135"]
[PlyCount "58"]
[EventDate "1979.??.??"]
[EventType "simul"]
[EventRounds "5"]

1. e4 Nf6 2. Nc3 d5 3. exd5 Nxd5 4. Bc4 e6 5. Nf3 Nb6 6. Bb3 c5 7. d3 Nc6 8. Bf4 Bd6 9. Qd2 Bxf4 10. Qxf4 O-O 11. O-O-O Na5 12. Rhe1 Nxb3+ 13. cxb3 Bd7 14. Qg3 a5 15. Ne4 a4 16. Nd6 axb3 17. axb3 Nd5 18. d4 Qb6 19. Kc2 Nb4+ 20. Kc3 cxd4+ 21. Rxd4 Nd5+ 22. Kc2 Ra2 23. Red1 Qa5 24. Ne5 Qc7+ 25. Kb1 Rfa8 26. Rc4 Qxd6 27. Nxd7 Nc3+ 28. Rxc3 Qxd1+ 29. Rc1 Ra1# 0-1

[Event "IntService"]
[Site "?"]
[Date "1979.??.??"]
[Round "?"]
[White "Brameld, Arthur F"]
[Black "Turner, Anthony"]
[Result "1-0"]
[WhiteElo "2135"]
[BlackElo "2040"]
[PlyCount "65"]
[EventDate "1979.??.??"]
[EventType "simul"]
[EventRounds "2"]

1. e4 e6 2. d4 d5 3. Nc3 Nf6 4. e5 Nfd7 5. f4 c5 6. Nf3 Nc6 7. Be3 cxd4 8. Nxd4 a6 9. Qd2 Qa5 10. Nb3 Qc7 11. Be2 b6 12. O-O g6 13. Rad1 Nc5 14. Nd4 Nxd4 15. Bxd4 Bb7 16. Bf3 Rc8 17. Rfe1 Nd7 18. Bxd5 Bb4 19. Bxb7 Qxb7 20. Qe3 Bxc3 21. Bxc3 O-O 22. Rd6 Rc7 23. f5 gxf5 24. Qh6 Rfc8 25. Rd3 Nf8 26. Rg3+ Ng6 27. h4 Rc4 28. h5 Rh4 29. Qg5 Rcc4 30. hxg6 Rcg4 31. gxf7+ Kxf7 32. Qf6+ Ke8 33. Qxe6+ 1-0

[Event "CoshCh"]
[Site "?"]
[Date "1979.??.??"]
[Round "?"]
[White "Brameld, Arthur F"]
[Black "McPhee, K."]
[Result "1-0"]
[WhiteElo "2135"]
[BlackElo "2660"]
[PlyCount "23"]
[EventDate "1979.??.??"]
[EventType "simul"]
[EventRounds "5"]

1. e4 e6 2. d4 d5 3. Nc3 Bb4 4. Nge2 dxe4 5. a3 Bxc3+ 6. Nxc3 Nf6 7. Bg5 Qd5 8. Nxd5 Nxd5 9. c4 Nb6 10. Bf4 c6 11. Qg4 g6 12. Bd6 1-0

[Event "Ports Lge"]
[Site "?"]
[Date "1979.??.??"]
[Round "?"]
[White "Brameld, Arthur F"]
[Black "Lambert, Glen"]
[Result "1-0"]
[WhiteElo "2135"]
[BlackElo "2240"]
[PlyCount "60"]
[EventDate "1979.??.??"]
[EventType "swiss"]

1. e4 d6 2. d4 Nf6 3. Nc3 g6 4. f4 Bg7 5. Bd3 O-O 6. Nf3 Nc6 7. O-O Bg4 8. e5 Nh5 9. Be3 dxe5 10. dxe5 f6 11. h3 Bxf3 12. Qxf3 fxe5 13. f5 Nd4 14. Qg4 Nf6 15. Qh4 gxf5 16. Bxf5 Nxf5 17. Rxf5 e6 18. Rg5 Nd5 19. Qh6 Qf6 20. Rxg7+ Qxg7 21. Qxe6+ Kh8 22. Qxd5 Qg3 23. Qe4 c6 24. Ne2 Qg7 25. Rd1 Rf6 26. Rf1 Rxf1+ 27. Kxf1 Rd8 28. Kg1 Rd1+ 29. Kh2 Re1 30. Ng3 Qf6 1-0

[Event "BrChQual"]
[Site "?"]
[Date "1979.??.??"]
[Round "?"]
[White "Brameld, Arthur F"]
[Black "Coburn, Joe"]
[Result "1-0"]
[WhiteElo "2135"]
[BlackElo "1780"]
[PlyCount "65"]
[EventDate "1979.??.??"]
[EventType "simul"]
[EventRounds "4"]

1. e4 c5 2. Nf3 d6 3. d4 cxd4 4. Qxd4 Nc6 5. Bb5 Bd7 6. Bxc6 Bxc6 7. Nc3 Nf6 8. Bg5 e5 9. Qd3 Be7 10. O-O-O O-O 11. Kb1 Qb6 12. Nh4 d5 13. exd5 Ba3 14. b3 Bd7 15. Qg3 e4 16. d6 Nh5 17. Qe5 Qc6 18. Nd5 Bxd6 19. Qxd6 Qxd6 20. Ne7+ Qxe7 21. Bxe7 Bg4 22. f3 Rfe8 23. fxg4 Rxe7 24. gxh5 g6 25. Rhe1 Kg7 26. Re3 Rc8 27. Rd6 Rc5 28. g4 Rce5 29. h6+ Kf8 30. Rd8+ Re8 31. Rxe8+ Kxe8 32. Kb2 f5 33. Nxg6 1-0